La invención de lo cotidiano

Gorde:
Xehetasun bibliografikoak
Egile Nagusiak: Certeau, Michel De (Egilea), Giard, Luce (Egilea), Mayol, Pierre (Egilea)
Formatua: Liburua
Hizkuntza:gaztelania
Argitaratua: Ciudad de México Universidad Iberoamericana 1999
Edizioa:1a. ed
Saila:Colección El Oficio de la Historia
Gaiak:
Etiketak: Etiketa erantsi
Etiketarik gabe, Izan zaitez lehena erregistro honi etiketa jartzen!

MARC

LEADER 00000nam a2200000 a 4500
001 UCG3992
003 CL-VaPUC
008 101004e19990000mx |||||||||||||||||spa|d
020 |a 968859377X 
082 0 4 |a 909.828  |b CER  |2 21 
100 0 |a Certeau, Michel De  |e author  |9 324794 
700 |a Giard, Luce  |e author  |9 553276 
700 0 |a Mayol, Pierre  |e author  |9 553277 
245 1 3 |a La invención de lo cotidiano 
250 |a 1a. ed 
300 |a v 
942 |c BK 
945 |d 20101004 00:00:00  |a mfarfan 
260 |a Ciudad de México  |b Universidad Iberoamericana  |c 1999 
500 |a V.2: Habitar, cocinar 
650 0 |a Historia social  |9 313638 
650 0 |a Cultura popular  |9 307504 
650 0 |a Economía   |9 255568 
583 |a last modification  |c 20171220 03:26:04  |k Rodrigo Vera 
490 0 |a Colección El Oficio de la Historia 
999 |c 342901  |d 342899 
952 |0 0  |1 0  |4 0  |6 909_828000000000000_CER_1999  |7 0  |8 A  |9 439594  |a BIBHIS  |b BIBHIS  |d 2019-11-22  |i 4722663  |l 6  |m 1  |o 909.828 CER 1999  |p 4722663  |r 2025-04-21  |s 2025-04-16  |w 2019-11-22  |y BK  |k HIS 
952 |0 0  |1 0  |4 0  |6 909_828000000000000_CER_1999  |7 0  |8 R  |9 439595  |a BIBARQ  |b BIBARQ  |d 2019-11-22  |h v.2  |i 4779789  |o 909.828 CER 1999  |p 4779789  |r 2025-01-20  |w 2019-11-22  |y BK_R  |k ARQ